00686nam a2200241 a 4500001001300000003000900013005001700022008004100039020001000080082001800090100001800108245001400126260004700140300000900187500003500196505003300231650001300264700001800277902000800295942000700303952011900310999001500429nice12345678IN_TiNIC20260116013027.0050524s0000 hyda grp 000 0 urd  ac10000a294.5922bDAS aDass, Banarsi aPyare Ram aHyderabadbSri Ram Autar Tajir Kutubc0000 a147p aincludes index and biblioraphy2 aBiblical Index, Bibliography aRamayana1 aDass, Banarsi bSRS cBK 001040708StackRoom-aHMIbHMId2007-07-26g100.00l0o294.5922 DASp013980r2007-07-26v100.00w2005-05-24yBK c9332d9332